Ngoại khoa thú y

Nội dung tài liệu trình bày những khái niệm cơ bản về ngoại khoa thú y thực hành và bệnh học ngoại khoa.

Đã lưu trong:
书目详细资料
主要作者: Nguyễn, Như Quán
格式: 图书
语言:Undetermined
出版: Hà Nội Giáo dục 2008
主题:
标签: 添加标签
没有标签, 成为第一个标记此记录!
Thư viện lưu trữ: Trung tâm Học liệu Trường Đại học Cần Thơ
LEADER 00730nam a2200205Ia 4500
001 CTU_142824
008 210402s9999 xx 000 0 und d
020 |c 30500 
082 |a 636.0832 
082 |b Qu105 
100 |a Nguyễn, Như Quán 
245 0 |a Ngoại khoa thú y 
245 0 |c Nguyễn Như Quán, Phạm Khắc Hiếu 
260 |a Hà Nội 
260 |b Giáo dục 
260 |c 2008 
520 |a Nội dung tài liệu trình bày những khái niệm cơ bản về ngoại khoa thú y thực hành và bệnh học ngoại khoa. 
650 |a Veterinary medicine,Y khoa thú y 
904 |i Duy Bằng 
980 |a Trung tâm Học liệu Trường Đại học Cần Thơ